000 00663nam a2200241 a 4500
001 nice12345678
003 IN_TiNIC
005 20260116011848.0
008 050524s1974 roma grp 000 0 eng
020 _a
_c100
082 0 0 _a231.7
_bCRO
100 _aCrollius, Ary A Roest
245 _aThus Were They Hearing
_b Word in the Experience of Revelation in Quran & Hin
260 _aRoma
_bUniversita Gregoriana Editrice
_c1974
300 _a269p
500 _aincludes index and biblioraphy
505 2 _aAppendix
650 _aComparative Religion-Revelation
700 1 _aCrollius, Ary A Roest
902 _bSRS
942 _cBK
999 _c4531
_d4531